Effective Public Relations (Record no. 2187)

MARC details
000 -LEADER
fixed length control field 00402nam a22001697a 4500
005 - DATE AND TIME OF LATEST TRANSACTION
control field 20160530150055.0
008 - FIXED-LENGTH DATA ELEMENTS--GENERAL INFORMATION
fixed length control field 160530b xxu||||| |||| 00| 0 eng d
020 ## - INTERNATIONAL STANDARD BOOK NUMBER
ISBN 978-81-7722-373-6
041 ## - LANGUAGE CODE
Language code of text/sound track or separate title eng
082 ## - DEWEY DECIMAL CLASSIFICATION NUMBER
Item number 6140
100 ## - MAIN ENTRY--AUTHOR NAME
Personal name Shelburnes Merry
245 ## - TITLE STATEMENT
Title Effective Public Relations
260 ## - PUBLICATION, DISTRIBUTION, ETC. (IMPRINT)
Place of publication New Delhi
Name of publisher Bigtantra,
300 ## - PHYSICAL DESCRIPTION
Number of Pages 303
650 ## - SUBJECT ADDED ENTRY--TOPICAL TERM
Topical Term Management
942 ## - ADDED ENTRY ELEMENTS (KOHA)
Koha item type Books
Holdings
Lost status Damaged status Collection code Home library Current library Shelving location Date acquired Cost, normal purchase price Full call number Accession Number Koha item type
    MANAGEMENT JRU Library JRU Library SHELF-62-N 30/05/2016 199.00 6140 6140 Books
    MANAGEMENT JRU Library JRU Library SHELF-62-N 30/05/2016 199.00 6140 6141 Books
    MANAGEMENT JRU Library JRU Library SHELF-62-N 30/05/2016 199.00 6140 6142 Books
    MANAGEMENT JRU Library JRU Library SHELF-62-N 30/05/2016 199.00 6140 6143 Books
    MANAGEMENT JRU Library JRU Library SHELF-62-N 30/05/2016 199.00 6140 6144 Books
    MANAGEMENT JRU Library JRU Library SHELF-62-N 30/05/2016 199.00 6140 6145 Books
    MANAGEMENT JRU Library JRU Library SHELF-62-N 30/05/2016 199.00 6140 6146 Books
      JRU Library   Shelf - 24- L 30/05/2016 199.00 6140 6147 Books
    MANAGEMENT JRU Library JRU Library SHELF-62-N 30/05/2016 199.00 6140 6148 Books
    MANAGEMENT JRU Library JRU Library SHELF-62-N 30/05/2016 199.00 6140 6149 Books